000 00356nam a2200157Ia 4500
008 150909s9999 xx 000 0 und d
082 _a330
_bEP
100 _aEconomic Botony
100 _eCompiler
245 _aEconomic Botony
260 _aNew Delhi
260 _bEconomic Botony
650 _aEconomic Botony
942 _cBV
942 _2ddc
999 _c196583
_d196583